Quiz carriere joueur niveau difficile #4 - Statistiques

Statistiques générales
  • Ce quiz a été pris 41 fois
  • Le résultat moyen est 1 sur 5
Statistiques - réponses
Club Joueur % Correct
1. FC Barcelone2. FC Everton 3. Aston Villa Lucas Digne
95%
1. PSV2. Real Betis 3. FC Club Léon Andrés Guardado
16%
1. JK Besiktas2. FC Arsenal 3. Al-Jazira Mohamed Elneny
13%
1.Lokomotiv Moscou2. Dynamo Moscou 3. FK Krasnodar Fedor Smolov
3%
1. CFC Genoa2. SL Benfica 3. Al-Nasr Adel Taarabt
0%
Aucun quiz correspondant
Distribution des résultats
% des personnes avec chaque résultat
Percentile par nombre de réponses
Votre historique - résultats
Vous n’avez pas pris ce quiz